| 000 | 00480nam a22001937a 4500 | ||
|---|---|---|---|
| 999 |
_c3597 _d3597 |
||
| 003 | OSt | ||
| 005 | 20210331164950.0 | ||
| 008 | 160418b xxu||||| |||| 00| 0 eng d | ||
| 020 | _a0748744479 | ||
| 040 | _c040a | ||
| 082 | _a531 FRE 1999 | ||
| 100 |
_aFrench, A. P. _98026 |
||
| 245 | _aVibrations and Waves | ||
| 260 |
_aCheltenham; _bStanley Thornes, _c1999 |
||
| 300 |
_axi, 316p; _bill : _c12 cm |
||
| 504 | _aIncludes index | ||
| 650 |
_aWaves _98027 |
||
| 942 |
_2ddc _cSLOAN |
||